Reliability evaluation of power systems (Record no. 7252)

000 -LEADER
fixed length control field 00598nam a2200217 a 4500
001 - CONTROL NUMBER
control field 7252
003 - CONTROL NUMBER IDENTIFIER
control field BD-DhUET
008 - FIXED-LENGTH DATA ELEMENTS--GENERAL INFORMATION
fixed length control field 830524s1984 nyua b 001 0 eng
020 ## - INTERNATIONAL STANDARD BOOK NUMBER
International Standard Book Number 0273084852
040 ## - CATALOGING SOURCE
Original cataloging agency DLC
Transcribing agency DLC
Modifying agency BD-DhUET
082 ## - DEWEY DECIMAL CLASSIFICATION NUMBER
Classification number 623.1
Item number BIL/1984
100 ## - MAIN ENTRY--PERSONAL NAME
Personal name Billinton, Roy
245 10 - TITLE STATEMENT
Title Reliability evaluation of power systems
250 ## - EDITION STATEMENT
Edition statement 1st ed.
260 ## - PUBLICATION, DISTRIBUTION, ETC. (IMPRINT)
Place of publication, distribution, etc. Boston
Name of publisher, distributor, etc. Pitman Advanced Publishing Program
Date of publication, distribution, etc. 1984
300 ## - PHYSICAL DESCRIPTION
Extent xv,432p.
Other physical details ill.
Dimensions 24 cm.
504 ## - BIBLIOGRAPHY, ETC. NOTE
Bibliography, etc Includes bibliographies
650 #0 - SUBJECT ADDED ENTRY--TOPICAL TERM
Topical term or geographic name as entry element Electric power systems-Reliability
700 1# - ADDED ENTRY--PERSONAL NAME
Personal name Allan, Ronald N.
942 ## - ADDED ENTRY ELEMENTS (KOHA)
Koha item type General Book
Holdings
Koha normalized classification for sorting Koha full call number Koha item type Withdrawn status Damaged status Lost status Not for loan Piece designation (barcode) Sublocation or collection (holding branch) Shelving location Koha date last seen Source of classification or shelving scheme Date acquired Copy number Price effective from Location (home branch)
623_000000000000000_1BIL1984623.1/BIL/1984General Book    65001Central Library, BUETCirculation section2016-07-16 2014-12-0812014-12-08Central Library, BUET
623_000000000000000_1BIL1984623.1/BIL/1984General Book    65002Central Library, BUETCirculation section2014-12-08 2014-12-0822014-12-08Central Library, BUET
623_100000000000000_BIL_1984623.1/BIL/1984General Book    64092Central Library, BUETCirculation section2017-09-09 2014-12-0832014-12-08Central Library, BUET
623_100000000000000_BIL_1984623.1/BIL/1984General Book    64091Central Library, BUETCirculation section2015-02-15 2015-02-1542015-02-15Central Library, BUET
623_100000000000000_BIL_1984623.1/BIL/1984General Book    64094Central Library, BUETReading section2015-06-25 2015-06-2552015-06-25Central Library, BUET
623_100000000000000_BIL_1984623.1/BIL/1984General Book    65004Central Library, BUETReading section2015-06-25 2015-06-2562015-06-25Central Library, BUET